000 00313nam a2200121Ia 4500
005 20251222144858.0
008 251222s9999||||xx |||||||||||||| ||spa||
082 _a730.098.313/M98
245 0 _aTesoros de San Pedro de Atacama
250 _a1ra. ed.
264 _bMuseo Chileno de Arte Precolombino
942 _cLIB
999 _c21851
_d21851